| 000 | 00409nam a22001571a 4500 | ||
|---|---|---|---|
| 020 | _a9788176388481 | ||
| 082 |
_aM3007 _bBAN/M |
||
| 100 | _aBanargy E | ||
| 245 |
_aMithum malayala novalum/ _cby Banargy E |
||
| 260 |
_aThiruvananthapuram: _bKerala Bhasha Institute, _c2010. |
||
| 300 | _a125p. | ||
| 650 | _aNovel Malayalam Study | ||
| 650 | _aLiterature Malayalam | ||
| 650 | _aLiterature | ||
| 942 | _cBK | ||
| 999 |
_c29056 _d29056 |
||